Non mordere il sole /

Salvato in:
Dettagli Bibliografici
Autore principale: Lee, Tanith (Autore)
Altri autori: Rambelli, Roberta
Natura: Libro
Lingua:italiano
Pubblicazione: Bologna : Libra, 1978
Serie:Saturno ; 4
Tags: Aggiungi Tag
Nessun Tag, puoi essere il primo ad aggiungerne!!

MARC

LEADER 00000nam a22000007i 4500
001 IT\ICCU\RAV\0064204
003 ItRI
005 20250919153926.0
008 890914s1978 it |||||| ||||| |||||c
015 |2 IT  |a 799088 
040 |b ita  |c ct 
041 7 |a ita  |2 ISO-639-2 
082 |a 823.9  |2 18 
100 1 |a Lee, Tanith  |0 IT\ICCU\CFIV\108531  |4 aut 
240 1 0 |a Don't bite the sun. -  |9 Lee, Tanith 
245 1 0 |a Non mordere il sole /  |c Tanith Lee. 
260 |a Bologna :  |b Libra,  |c 1978 
300 |a 152 p. ;  |c 20 cm. 
700 1 |a Rambelli, Roberta  |0 IT\ICCU\CFIV\007617 
830 0 |a Saturno ;  |v 4  |0 IT\ICCU\RAV\0064194 
942 |2 ddc  |c BK 
952 |0 0  |1 0  |2 ddc  |4 0  |6 B_LNR02LEETANON11  |7 0  |9 6057  |a MI  |b MI  |d 1987-12-14  |i 725  |l 0  |o B-LNR02-LEETA-NON11  |p CDOM725  |r 2025-07-13 16:28:00  |w 2025-07-13  |x ACQUISTO  |y BK 
981 1 |6 z01  |a i   |b xxxe  
982 1 |6 z01  |a n 
999 |c 4836  |d 4836